Statistics for College Football Cities: The American

Click here to take the quiz!

General Stats

  • This quiz has been taken 12 times
  • The average score is 10 of 14

Answer Stats

SchoolCity% Correct
UTSASan Antonio, TX
100%
NavyAnnapolis, MD
92%
UABBirmingham, AL
92%
TemplePhiladelphia, PA
92%
RiceHouston, TX
83%
TulaneNew Orleans, LA
83%
ArmyWest Point, NY
83%
South FloridaTampa, FL
67%
_______Memphis, TN
58%
_____Tulsa, OK
58%
Florida AtlanticBoca Raton, FL
50%
North TexasDenton, TX
50%
East CarolinaGreenville, NC
50%
_________Charlotte, NC
42%

Score Distribution

Percentile by Number Answered

Percent of People with Each Score

Your Score History

You have not taken this quiz